| 000 | 00612nam a2200205Ia 4500 | ||
|---|---|---|---|
| 008 | 191130s2000##################000#0#eng## | ||
| 020 | _a9788131507070 | ||
| 022 | _a268270 | ||
| 040 |
_aACL _cACL |
||
| 082 | _a193 VEL | ||
| 100 | _aVelarde-Mayol, Victor | ||
| 245 |
_aOn Brentano _cVictor Velarde-Mayol |
||
| 260 |
_aAustralia ; Belmont, CA _bWadsworth Cengage Learning _cc2000 |
||
| 300 | _a92 p. ; 22 cm. | ||
| 500 | _aIncludes bibliographical references (p. 91-92) | ||
| 650 | _aBrentano, Franz Clemens, 1838-1917 | ||
| 990 | _acff627dfac10000c685856da5921e9f1 | ||
| 991 | _a66846 | ||
| 999 |
_c26229 _d26229 |
||